000 01050nam a22003257a 4500
003 CHAP
005 20220329140435.0
008 971013s1993 r 00010 d
010 _a51988
011 _a52960
035 _a57110
040 _cCHAP
082 _a581.5
_bG76
100 0 0 _aGresshoff, Peter M.
_950642
245 _aPlant responses to the environment
260 _aBoca Raton, Florida :
_bCRC Press,
_c1993
300 _a184 p.
490 _aCurrent topics in plant molecular biology
590 _aBATCH-UPD
_b10
_c20130110
_lUCH01
_h0811
590 _aBATCH-UPD
_b10
_c20130410
_lUCH01
_h0448
590 _aBATCH-UPD
_b10
_c20130914
_lUCH01
_h0631
590 _aCONVERSION
_b10
_c20130109
_lUCH01
_h1328
650 1 4 _aBiofĂ­sica.
_912735
650 1 4 _aEcologĂ­a vegetal.
_935188
650 1 4 _aPlantas
_xEfecto del medio ambiente.
_988821
830 0 _aCurrent topics in plant molecular biology
_930543
901 _aBK
942 _cLIBRO
949 _a581.5 G76
_bBC
_cLIBRO
_d33724000088506
_eLIBRO
_gI. 179903
_h89774
_i57110
_si
_t398.00
999 _c51988
_d51988